Robert Winchelsey and the crown 1294- 1313 (Record no. 831049)

MARC details
000 -LEADER
fixed length control field 00609nam a2200217Ia 4500
003 - CONTROL NUMBER IDENTIFIER
control field OSt
005 - DATE AND TIME OF LATEST TRANSACTION
control field 20220928144958.0
008 - FIXED-LENGTH DATA ELEMENTS--GENERAL INFORMATION
fixed length control field 220927b |||||||| |||| 00| 0 eng d
037 ## - SOURCE OF ACQUISITION
Terms of availability Textual
040 ## - CATALOGING SOURCE
Original cataloging agency SDCL
Transcribing agency SDCL
Language of cataloging eng
041 ## - LANGUAGE CODE
Source of code eng
Language code of text/sound track or separate title eng
100 ## - MAIN ENTRY--PERSONAL NAME
Personal name Denton Jaffrey H
9 (RLIN) 510855
245 #0 - TITLE STATEMENT
Title Robert Winchelsey and the crown 1294- 1313
Remainder of title A study in the defence of ecclesiastical liberty.
260 ## - PUBLICATION, DISTRIBUTION, ETC.
Date of publication, distribution, etc. 1980
942 ## - ADDED ENTRY ELEMENTS (KOHA)
Classification part V3y7G94, MO
Koha item type Textual
Source of classification or shelving scheme Colon Classification (CC)
Holdings
Withdrawn status Lost status Damaged status Not for loan Home library Current library Date acquired Total Checkouts Full call number Barcode Date last seen Price effective from Koha item type
        South Campus Library South Campus Library 2022-09-28   V3y7G94 MO SC0681879 2022-09-28 2022-09-28 Textual
Copyright @ Delhi University Library System